| 000 | 00527nam a2200181 4500 | ||
|---|---|---|---|
| 001 | 26957 | ||
| 021 | _b15509/87 | ||
| 090 | _a26957 | ||
| 100 | _a20051124d1987 cd y0pory5003 ba | ||
| 200 | 1 |
_aO principezinho _fAntoine de Saint-Exupéry _gtrad. Joana Morais Varela |
|
| 205 | _a22ª ed | ||
| 210 |
_aLisboa _cEditorial Presesnça _d2002 |
||
| 215 |
_a93 [3] p. _cil. _d22 cm |
||
| 304 | _aTít. orig.: Le petit prince | ||
| 675 |
_a087.5 _vBN _zpor |
||
| 700 | 1 |
_aSaint-Exupéry _bAntoine de _f1900-1944 |
|
| 702 | 1 |
_aVarela _bJoana |
|
| 990 | _cLIVROS | ||